Normal view
MARC view
- OPTICAL TRANSMITTERS LASER NOISE OPTICAL FIBERS OPTICAL DETECTORS AND RECEIVERS OPTICAL NETWORKS OPTICAL SPACE COMMUNICATION
Entry Topical Term
001 - CONTROL NUMBER
- control field: 77764
003 - CONTROL NUMBER IDENTIFIER
- control field: NUST
005 - DATE AND TIME OF LATEST TRANSACTION
- control field: 20210628210008.0
008 - FIXED-LENGTH DATA ELEMENTS
- fixed length control field: 210628|| aca||aabn | a|a d
040 ## - CATALOGING SOURCE
- Original cataloging agency: NUST
- Transcribing agency: NUST
150 ## - HEADING--TOPICAL TERM
- Topical term or geographic name entry element: OPTICAL TRANSMITTERS LASER NOISE OPTICAL FIBERS OPTICAL DETECTORS AND RECEIVERS OPTICAL NETWORKS OPTICAL SPACE COMMUNICATION
670 ## - SOURCE DATA FOUND
- Source citation: Work cat.: (NUST): Jain, V. K Franz, J. H 77763, Optical communications,component and systems analysis,design,optimization,application, 2000
